【1999年】島根県の「町」の読み - Statistics

General Stats
  • This quiz has been taken 9 times
  • The average score is 27 of 41
Answer Stats
Question Answer % Correct
東出雲町 ちょう
100%
玉湯町 ちょう
100%
鹿島町 ちょう
88%
島根町 ちょう
88%
八束町 ちょう
75%
広瀬町 まち
75%
伯太町 ちょう
75%
仁多町 ちょう
75%
佐田町 ちょう
75%
湖陵町 ちょう
75%
仁摩町 ちょう
75%
邑智町 ちょう
75%
石見町 ちょう
75%
桜江町 ちょう
75%
津和野町 ちょう
75%
西ノ島町 ちょう
75%
美保関町 ちょう
63%
宍道町 ちょう
63%
横田町 ちょう
63%
木次町 ちょう
63%
三刀屋町 ちょう
63%
多伎町 ちょう
63%
川本町 まち
63%
三隅町 ちょう
63%
美都町 ちょう
63%
匹見町 ちょう
63%
日原町 ちょう
63%
六日市町 ちょう
63%
西郷町 ちょう
63%
海士町 ちょう
63%
大東町 ちょう
50%
掛合町 まち
50%
頓原町 ちょう
50%
赤来町 ちょう
50%
斐川町 ちょう
50%
大社町 まち
50%
温泉津町 まち
50%
瑞穂町 ちょう
50%
金城町 ちょう
50%
旭町 ちょう
50%
加茂町 まち
38%
No matching quizzes found
Score Distribution
Percent of People with Each Score
Percentile by Number Answered
Your Score History
You have not taken this quiz